000 00911cab a2200253 4500
001 ABS57128
008 090401t1997 xxu||||| |||| 00| 0 eng d
035 _a(Sirsi) u79153
041 _aeng
100 _aGallimore, P.
245 _aPerceptions of risk in the Private Finance Initiative
260 _c1997
350 _a0
490 _aJournal of Property Finance
_v8(2) JUne 1997, 164-176(13)
520 _aReports on an investigation of the progress of the Private Finance Initiative, as reflected in the views of key players, and focuses in particluar on the attitude of these individuals to the different forms of risk inherent in PFI schemes. (Journal abstract)
650 _aPFI
650 _aPRIVATE FINANCE INITIATIVE
650 _aRISK
690 _aPROPERTY-PROPERTY FINANCE AND INVESTMENT
700 _aWilliams, W.
700 _aWoodward, D.
942 _n0
948 _c24/06/1997
999 _c49750
_d49750